000 00908nam a22002297a 4500
001 76333
003 BD-RjUL
005 20211209082828.0
008 191125s2016 bg ||||| |||| 00| 0 eng d
020 _a9789849174103
035 _a(BD-RjUL)76554
040 _aBD-RjUL
_bben
_cBD-RjUL
041 _aben
082 _223
_a954.9205092
_bHOR 2016
100 _aহক, মোঃ এনামুল
_9235461
245 1 0 _aরাজশাহীতে মুক্তিযুদ্ধ /
_cমোঃ এনামুল হক
260 _aঢাকা :
_bঅনুপম প্রকাশনী,
_c২০১৬
300 _a৪০৬ পৃ.:
_bচিত্রসমূহ;
_c২৩ সেমি.
600 _aমুজিবুর রহমান ,
_cশেখ,
_xজীবনী
_d১৯২০-১৯৭৫
_9235475
600 _aMujibur Rahman, Sheikh,
_xBiography
_d1920-1975
_9235476
942 _2ddc
_cBK
999 _c76333
_d76333